| 000 | 00498nam a2200169 i 4500 | ||
|---|---|---|---|
| 001 | 75560 | ||
| 003 | ES-MaACL | ||
| 005 | 20230906172515.0 | ||
| 007 | t| | ||
| 008 | 040924s1963 sp ||||1| spa d | ||
| 100 | 1 |
_aGrey, Ian. _959967 |
|
| 245 | 1 | 0 |
_aCatalina la Grande / _cIan Grey ; [traducción de Valentina Gómez de Muñoz]. |
| 260 |
_aBarcelona : _bPomaire, _c[1963] |
||
| 300 |
_a363 p. ; _c20 cm. |
||
| 700 | 1 |
_aGómez de Muñoz, Valentina. _957915 |
|
| 852 |
_aES-MaACL _jC-31320 _bR.61468 |
||
| 999 |
_c75560 _d75560 |
||